000 00380pab a2200157 454500
008 180718b2014 xxu||||| |||| 00| 0 eng d
100 _aCombes, Jean-Louis et al
245 _aRemittances and working poverty
260 _c2014
300 _ap.1348-1361.
362 _aOct
650 _aPoverty
773 _aJournal of Development Studies
908 _aN
909 _a106139
999 _c106134
_d106134